Central Library OPAC University of Rajshahi
Normal view MARC view

Entry Personal Name

Number of records used in: 2

001 - CONTROL NUMBER

  • control field: 318

003 - CONTROL NUMBER IDENTIFIER

  • control field: BD-RjUL

005 - DATE AND TIME OF LATEST TRANSACTION

  • control field: 20211221160446.0

008 - FIXED-LENGTH DATA ELEMENTS

  • fixed length control field: 211221|| aca||aabn | a|a d

040 ## - CATALOGING SOURCE

  • Original cataloging agency: BD-RjUL
  • Transcribing agency: BD-RjUL

100 ## - HEADING--PERSONAL NAME

  • Personal name: Ansary, Muhammad Halim Saheb ;mutajim

670 ## - SOURCE DATA FOUND

  • Source citation: Work cat.: (BD-RjUL)79048: سيوطي جلال الدين عبد الرحمن .;; Suyūṭī, Jalaluddin Abdul Rahman 1445-1505. 245556, الإتقان في علوم القرآن ;; al-Itqān fī ʿulūm al-Qurʼān /, 1982